000 00261nam a2200097Ia 4500
001 752376
005 20250826164702.0
008 250824s9999 xx 000 0 und d
245 0 _aARŞİMET ZEKAİ GİZLİ GÖREVDE
_cDURAN ÇETİN
260 _bATLIKARINCA YAYINLARI
999 _c752376
_d752376